Регионална библиотека "Любен Каравелов" - Русе

Цимент (Запис номер 47563)

MARC детайли
000 -Лидер
Контролно поле с фиксирана дължина 01164nam a2200301 c 4500
003 - Код на организацията, давaща контролен номер
Контролно поле BLK
005 - Дата и час на последна редакция
Контролно поле 20211202091004.0
008 - Елементи от данни с фиксирана дължина
fixed length control field 180408b bul|||||r ||||||| ||bul||
010 ## - Наследен системен номер
LC control number KNG00051375000
040 ## - Източник на каталожния запис
Идентификатор на билиотеката - собственик на записа BLK
041 ## - Код за език
Код за езика на текст/звукозапис или на отделно заглавие Български
Код за езика КДБФ Български
080 ## - УДК
Текстов определител УДК Циментова промишленост - Портландцимент, шлаков, пуцоланов, бързовтвърдяващ се, огнеупорен и др. цименти
УДК код - определител по УДК 666.94
УДК - код + определител 666.94
100 1# - Редна дума - Автор
Автор Бъчваров, Христо Д.
Авторска отговорност първи автор
R(LIN) 281468
139 ## - Редно поле
Редна дума Бъчваров, Христо Д.
Авторски знак Бъч - Б 94
245 10 - Сведения за заглавието
Заглавие Цимент
Редно поле (дума) Христо Д. Бъчваров.
257 ## - Страна на издаване
Страна на създаване/издаване България
260 ## - Област на издателските данни
Име на издателя, разпространителя и проч. Техника
Година на издаване 1960
300 ## - Физическа характеристика
Страници 340 с.
Илюстрации и др. с ил.
Размери/Мащаб 25 см
380 ## - Жанр
Жанр Техника
500 ## - Общи забележки
Забележка Библиогр. с. 329-330. -1 084 тир.
650 #4 - Допълнително описание по предмет – тема
Основно описание – тема или топоним Циментово производство - технология
9 (RLIN) 177313
653 ## - Ключова дума – ненормативна
Ключова дума цимент
852 ## - Местоположение
Форматна сигнатура Цб 15898
856 4# - Електронен адрес и достъп
Електронен формат pdf - файл
856 4# - Електронен адрес и достъп
Електронен формат pdf - файл
999 ## - СИСТЕМНИ КОНТРОЛНИ НОМЕРА
Koha biblionumber 47563
Koha biblioitemnumber 47563
942 ## - АРТИКУЛИ
Вид на библиотечния материал Книги
Скрит в OPAC Не
Периодичен библиозапис Да
944 ## - СЪЗДАВАНЕ И РЕДАКЦИЯ на ЗАПИСА
Създаване/Редакция Създаване
Дата на регистрацията/редакция 01.09.2016
Служител, извършил регистрацията/редакцията Севдалина_Василева
944 ## - СЪЗДАВАНЕ И РЕДАКЦИЯ на ЗАПИСА
Създаване/Редакция Редакция
Дата на регистрацията/редакция 01.09.2016
Служител, извършил регистрацията/редакцията Севдалина_Василева
999 ## - СИСТЕМНИ КОНТРОЛНИ НОМЕРА
Koha biblioitemnumber 47563
Наличности
Код за отписване Код за изгубен артикул Източник на класификационната схема Код за повреда Коз за рестрикции Код за отдаване Артикулен № Име на библиотеката - собственик Име на библиотеката, в която се намира в момента Статус (Текущо местоположение) Дата на вписване в системата Местоположение - отдел Цена в лева Инвентарен номер Систематично азбучна сигнатура Баркод Номер на екземпляра Цена в евро Служебна бележка Служебен тип на артикула
Изтеглен Не е изгубен Universal Decimal Classification Не е повреден без рестрикции ползва се в читалня 74725 Регионална библиотека "Любен Каравелов" Русе Регионална библиотека "Любен Каравелов" Русе Заемна - подръчен фонд 1960-01-01 Заемна - подръчен фонд 0.00 2540/60 Цб 15898 2540/60 1 0.00 N: стар фонд Дата: 01.01.1960 Книги
  Не е изгубен Universal Decimal Classification Не е повреден без рестрикции ползва се в читалня 74726 Регионална библиотека "Любен Каравелов" Русе Регионална библиотека "Любен Каравелов" Русе Хранилище 1960-01-01 Хранилище 1.08 2283/60 Цб 15898 900000084659 2 0.55 N: стар фонд Дата: 01.01.1960 Книги
Vip Innovations Ltd, Rousse, Bulgaria 2025